| 000 | 00679nam a2200145 a 4500 | ||
|---|---|---|---|
| 008 | 120416s2002 ||||||||||||||||| || u | ||
| 050 | _aHG 3881.5.I56 Int | ||
| 100 | _aLazarus, Suellen Lambert | ||
| 245 | 1 | 0 |
_aIFC and its role in globalization: highlights from the IFC's participants meeting, Washington, D.C. June 6-7, 2001 _cedited by Suellen Lambert Lazarus |
| 260 |
_aWashington, D.C. _bWorld Bank _c2002 |
||
| 350 | _a0.00 | ||
| 650 | 0 | _aGLOBALIZATION | |
| 650 | _aINTERNATIONAL FINANCE CORPORATION | ||
| 995 |
_D0.00 _FCBU-MAIN LIBRARY (Kitwe) _H1 _I0.00 _M1 _UAVAILABLE _WNov 8, 2007 _ZAnnex Low-Usage Collection |
||
| 999 |
_c46149 _d46149 |
||